书目信息 |
| 题名: |
中华人民共和国民事诉讼法(试行)讲话
|
|
| 作者: | 刘家兴 编著 | |
| 分册: | ||
| 出版信息: | 北京 法律出版社 1982 |
|
| 页数: | 124页 | |
| 开本: | 19cm | |
| 丛书名: | 法学知识丛书 | |
| 单 册: | ||
| 中图分类: | D925.104 | |
| 科图分类: | ||
| 主题词: | 民事诉讼法--基本知识--中国 , 法律--中国 | |
| 电子资源: | ||
| ISBN: | ||
| 000 | 00743nam0 2200253 45 | |
| 001 | 0182000082 | |
| 005 | 20060728155317.40 | |
| 010 | @dCNY0.34 | |
| 091 | @a6004.568 | |
| 100 | @a19960215d1982 em y0chiy0121 ea | |
| 101 | 0 | @achi |
| 102 | @aCN@b110000 | |
| 105 | @ay z 000yy | |
| 200 | 10 | @a中华人民共和国民事诉讼法(试行)讲话@Azhong hua ren min gong he guo min shi su song fa ( shi xing ) jiang hua@f刘家兴等编著 |
| 210 | @a北京@c法律出版社@d1982 | |
| 215 | @a124页@d19cm | |
| 225 | 2 | @a法学知识丛书 |
| 410 | 0 | @120010@a法学知识丛书 |
| 606 | @a民事诉讼法@x基本知识@y中国 | |
| 606 | 0 | @a法律@x中国 |
| 690 | @aD925.104 | |
| 701 | 0 | @a刘家兴@Aliu jia xing@4编著 |
| 801 | 0 | @aCN@bNLC@c20060728 |
| 905 | @f3@b86432-434@dD925.104@e35 | |
| 中华人民共和国民事诉讼法(试行)讲话/刘家兴等编著.-北京:法律出版社,1982 |
| 124页;19cm.-(法学知识丛书) |
| ISBN :CNY0.34 |
| ● |
| 相关链接 |
|
|
|
|
正题名:中华人民共和国民事诉讼法(试行)讲话
索取号:D925.104/35
 
预约/预借
| 序号 | 登录号 | 条形码 | 馆藏地/架位号 | 状态 | 备注 |
| 1 | 0086432 | 001253618 | 第一借阅区/ [索取号:D925.104/35] | 在馆 | |
| 2 | 0086433 | 001253627 | 密集书库/ [索取号:D925.104/35] | 在馆 | |
| 3 | 0086434 | 001253609 | 密集书库/ [索取号:D925.104/35] | 在馆 | |
| 4 | 0086436 | 001253636 | 第一样本阅览室/ [索取号:D925.104/35] | 在馆 | |
| 5 | 0440517 | 204405170 | 密集书库/ [索取号:D925.104/35] | 在馆 |